<?xml version="1.0" encoding="UTF-8"?>
<record
    xmlns:xsi="http://www.w3.org/2001/XMLSchema-instance"
    xsi:schemaLocation="http://www.loc.gov/MARC21/slim http://www.loc.gov/standards/marcxml/schema/MARC21slim.xsd"
    xmlns="http://www.loc.gov/MARC21/slim">

  <leader>00832nas a22002297a 4500</leader>
  <controlfield tag="005">20260602143603.0</controlfield>
  <controlfield tag="008">260602b2005    pormr|j|||||| 00| z por d</controlfield>
  <datafield tag="040" ind1=" " ind2=" ">
    <subfield code="c">BR-ViAPE</subfield>
  </datafield>
  <datafield tag="245" ind1=" " ind2=" ">
    <subfield code="a">Essa</subfield>
  </datafield>
  <datafield tag="260" ind1=" " ind2=" ">
    <subfield code="a">Vit&#xF3;ria</subfield>
    <subfield code="b">XGN Editora e Comunica&#xE7;&#xE3;o Ltda</subfield>
    <subfield code="c">2005</subfield>
  </datafield>
  <datafield tag="300" ind1=" " ind2=" ">
    <subfield code="a">v.</subfield>
    <subfield code="b">il.</subfield>
  </datafield>
  <datafield tag="310" ind1=" " ind2=" ">
    <subfield code="a">Mensal</subfield>
  </datafield>
  <datafield tag="362" ind1=" " ind2=" ">
    <subfield code="a">Ano 1, n. 4 (ago. 2005) - ano 1, n. 5 (set. 2005). </subfield>
  </datafield>
  <datafield tag="500" ind1=" " ind2=" ">
    <subfield code="a">Disponibilizada apenas a imagem da capa na vers&#xE3;o digital, em virtude de restri&#xE7;&#xF5;es de direitos autorais. </subfield>
  </datafield>
  <datafield tag="500" ind1=" " ind2=" ">
    <subfield code="a">Cole&#xE7;&#xE3;o incompleta: dispon&#xED;veis apenas alguns n&#xFA;meros do peri&#xF3;dico. </subfield>
  </datafield>
  <datafield tag="650" ind1=" " ind2=" ">
    <subfield code="x">Mercado</subfield>
    <subfield code="x">Empresas</subfield>
    <subfield code="x">Pol&#xED;tica</subfield>
    <subfield code="z">Esp&#xED;rito Santo</subfield>
  </datafield>
  <datafield tag="651" ind1=" " ind2=" ">
    <subfield code="a">Esp&#xED;rito Santo (Brasil)</subfield>
    <subfield code="v">Peri&#xF3;dicos</subfield>
  </datafield>
  <datafield tag="700" ind1=" " ind2=" ">
    <subfield code="a">Gusm&#xE3;o Neto, Xerxes</subfield>
    <subfield code="e">Diretor</subfield>
  </datafield>
  <datafield tag="710" ind1=" " ind2=" ">
    <subfield code="a">XGN Editora e Comunica&#xE7;&#xE3;o Ltda</subfield>
  </datafield>
  <datafield tag="942" ind1=" " ind2=" ">
    <subfield code="2">ddc</subfield>
    <subfield code="c">PER</subfield>
    <subfield code="n">1</subfield>
  </datafield>
  <datafield tag="999" ind1=" " ind2=" ">
    <subfield code="c">760</subfield>
    <subfield code="d">760</subfield>
  </datafield>
  <datafield tag="952" ind1=" " ind2=" ">
    <subfield code="0">0</subfield>
    <subfield code="1">0</subfield>
    <subfield code="2">ddc</subfield>
    <subfield code="4">0</subfield>
    <subfield code="7">0</subfield>
    <subfield code="a">HDIG.APEES</subfield>
    <subfield code="b">HDIG.APEES</subfield>
    <subfield code="d">2026-06-02</subfield>
    <subfield code="l">0</subfield>
    <subfield code="r">2026-06-02 14:33:11</subfield>
    <subfield code="w">2026-06-02</subfield>
    <subfield code="y">PER</subfield>
  </datafield>
</record>
